<?xml version="1.0" encoding="UTF-8"?>
<collection xmlns="http://www.loc.gov/MARC21/slim">
    <record>
        <controlfield tag="001">78580</controlfield>
        <controlfield tag="005">20190326115346.0</controlfield>
        <datafield tag="037" ind1=" " ind2=" ">
            <subfield code="a">TAZ-TFG-2018-4704</subfield>
        </datafield>
        <datafield tag="041" ind1=" " ind2=" ">
            <subfield code="a">spa</subfield>
        </datafield>
        <datafield tag="100" ind1="1" ind2=" ">
            <subfield code="a">Pérez Morente, Luis Miguel</subfield>
        </datafield>
        <datafield tag="242" ind1="0" ind2="0">
            <subfield code="a">Deformable relocalization with laplacian restrictions</subfield>
        </datafield>
        <datafield tag="245" ind1="0" ind2="0">
            <subfield code="a">Relocalización deformable con restricciones laplacianas</subfield>
        </datafield>
        <datafield tag="260" ind1=" " ind2=" ">
            <subfield code="a">Zaragoza</subfield>
            <subfield code="b">Universidad de Zaragoza</subfield>
            <subfield code="c">2018</subfield>
        </datafield>
        <datafield tag="506" ind1=" " ind2=" ">
            <subfield code="a">by-nc-sa</subfield>
            <subfield code="b">Creative Commons</subfield>
            <subfield code="c">3.0</subfield>
            <subfield code="u">http://creativecommons.org/licenses/by-nc-sa/3.0/</subfield>
        </datafield>
        <datafield tag="520" ind1=" " ind2=" ">
            <subfield code="a">Sea un mapa de una escena. El problema de la relocalización, también conocido co- mo “robot secuestrado”, consiste en la localización de una cámara respecto del mapa tomando como data una única imagen tomada por la cámara. El objetivo es hacer un sistema de relocalización para un sistema VSLAM (Si- multaneous Location and Mapping with Visual sensor). Nuestro sistema de VSLAM, llamado ORBSDTAM, procesa una secuencia de vı́deo de una escena y obtiene la forma indeformada de la escena. También es resultado del ORBSDTAM una base de datos de keyframes con su correspondiente plantilla en reposo. Los keyframes son un sub- conjunto reducido de de imágenes del vı́deo, elegido con el criterio de cubrir la escena observada, habiendo solapamiento entre los distintos keyframes. Además, para cada keyframe, se dispone de una estimación de la superficie de la escena en su posición de reposo. Nuestro programa toma una imagen de la escena y la base de datos de keyframes de la escena, a partir de ellos estima la posición de la cámara que observó la imagen respecto de la plantilla de uno de los keyframes. Además también estima la deformación que ha sufrido la plantilla cuando ha sido observada por la cámara. Asumimos que el ORBSDTAM nos da cual es el keyframe más similar a la imagen, y también nos da las correspondencias entre el keyframe y la imagen. Se ha concebido y desarrollado un software para estimar la posición entre la cámara y la plantilla a partir de las correspondencias, siguiendo la propuesta de Ngo et al. A partir de las correspondencias y la plantilla en reposo se construye un sistema lineal de ecuaciones que combina el error de medida en las imágenes con un regularizador que penaliza la deformación de la plantilla, finalmente el sistema de ecuaciones se resuel- ve mediante SVD. El sistema ha sido validado experimentalmente con una secuencia de imágenes reales de una plantilla deformable, mostrando es capaz de relocalizar la cámara en un escenario con una deformación significativa para más del 90 % de los frames, con un tiempo de procesamiento por frame inferior a 300 ms.</subfield>
        </datafield>
        <datafield tag="521" ind1=" " ind2=" ">
            <subfield code="a">Graduado en Ingeniería de Tecnologías Industriales</subfield>
        </datafield>
        <datafield tag="540" ind1=" " ind2=" ">
            <subfield code="a">Derechos regulados por licencia Creative Commons</subfield>
        </datafield>
        <datafield tag="700" ind1=" " ind2=" ">
            <subfield code="a">Martínez Montiel, José María</subfield>
            <subfield code="e">dir.</subfield>
        </datafield>
        <datafield tag="710" ind1="2" ind2=" ">
            <subfield code="a">Universidad de Zaragoza</subfield>
            <subfield code="b">Informática e Ingeniería de Sistemas</subfield>
            <subfield code="c">Ingeniería de Sistemas y Automática</subfield>
        </datafield>
        <datafield tag="856" ind1="0" ind2=" ">
            <subfield code="f">702619@celes.unizar.es</subfield>
        </datafield>
        <datafield tag="856" ind1="4" ind2=" ">
            <subfield code="s">2898115</subfield>
            <subfield code="u">http://zaguan.unizar.es/record/78580/files/TAZ-TFG-2018-4704.pdf</subfield>
            <subfield code="y">Memoria (spa)</subfield>
        </datafield>
        <datafield tag="909" ind1="C" ind2="O">
            <subfield code="o">oai:zaguan.unizar.es:78580</subfield>
            <subfield code="p">driver</subfield>
            <subfield code="p">trabajos-fin-grado</subfield>
        </datafield>
        <datafield tag="950" ind1=" " ind2=" ">
            <subfield code="a"></subfield>
        </datafield>
        <datafield tag="951" ind1=" " ind2=" ">
            <subfield code="a">deposita:2019-03-26</subfield>
        </datafield>
        <datafield tag="980" ind1=" " ind2=" ">
            <subfield code="a">TAZ</subfield>
            <subfield code="b">TFG</subfield>
            <subfield code="c">EINA</subfield>
        </datafield>
        <datafield tag="999" ind1=" " ind2=" ">
            <subfield code="a">20181123200839.CREATION_DATE</subfield>
        </datafield>
    </record>

    
</collection>